| 000 | 00972nam2a22002291 4500 | ||
|---|---|---|---|
| 001 | rc\39953 | ||
| 005 | 20250620193035.0 | ||
| 010 |
_a5-86705-008-4 _9200000 |
||
| 035 | _a(NLR Aleph) 005385805 | ||
| 090 |
_a7144465 _c7144465 |
||
| 100 | _a20021216d1993 |||y0rusy50 ca | ||
| 101 | 0 | _arus | |
| 102 | _aRU | ||
| 105 | _ay ||||||||| | ||
| 200 | 1 |
_aЖан - хозяин ночи _fПер. Е.А. Детковой |
|
| 215 | _a255, [1] с. | ||
| 461 | 0 |
_1001rc\39952 _12001#$aВолки Лозарга$e[Ист.-приключен. роман$eВ 3 кн.]$eПер. с фр.$fЖюльетта Бенцони$vКн. 1 _1700#1$aБенцони$bЖ.$gЖюльетта _97144457 _aБенцони, Ж. _cМ. _d1993 _fЖюльетта Бенцони _nАрбат _o[Ист.-приключен. роман : В 3 кн.] : Пер. с фр. _tВолки Лозарга _vКн. 1 |
|
| 801 | 0 |
_aRU _bNLR _gpsbo |
|
| 801 | 1 |
_aRU _bELAR _2rusmarc |
|
| 852 |
_aNLR _j93-3/9219 |
||
| 942 | _cBOOK | ||
| 980 | _aNB | ||